Statistiques concernant La discographie de Lefa

Cliquez ici pour prendre le quiz!

Statistiques générales

  • Ce quiz a été pris 6 fois
  • Le résultat moyen est 56 sur 162

Statistiques - réponses

AlbumTitre% Correct
Démineur
100%
Monsieur Fall
100%
01h00
50%
02h00
50%
03h00
50%
20 ans
50%
230
50%
A.M.C.
50%
AVC
50%
Baggy
50%
Baie vitrée
50%
Balle au pied
50%
Bang bang
50%
Batman
50%
Bêton
50%
Bi chwiya
50%
Bitch
50%
Bombe à retardement
50%
Ça va mal terminer
50%
CDM
50%
Chargeur
50%
Château de Versailles
50%
Chaud
50%
Chloroquine
50%
Code pin
50%
Cœur de pierre
50%
Colis piégés
50%
Coup de bouteille
50%
Course poursuite
50%
Cuba
50%
Dernier arrêt
50%
Derniers réglages
50%
Elle aime
50%
En terrasse
50%
VisionnaireFais-le
50%
Fame
50%
Fantôme
50%
Feu en l'air
50%
Fil bleu
50%
Fil rouge
50%
Fils d'adam
50%
Fortune
50%
Garantie
50%
Grandi trop vite
50%
Grinta
50%
Gucci love
50%
Incassable
50%
Insomnie
50%
Interlude
50%
DMNR | Monsieur FallIntro
50%
Janet
50%
J'me téléporte
50%
Kiss me
50%
Longue vie
50%
Maniaque
50%
Masterchef
50%
Mauvais
50%
3 du matMaux de tête
50%
Megazord
50%
Mes défauts
50%
Métaverse
50%
Mise à jour
50%
Montana
50%
Motel
50%
New level
50%
FAMENouveau maillot
50%
O&S
50%
On est en guerre
50%
Où est ma place
50%
Paradise
50%
Pause
50%
Penalty
50%
Periph
50%
P.F.P.
50%
Plus l'time
50%
Popstar
50%
Potentiel
50%
Professionnel
50%
Quelques minutes
50%
Rappelle-la
50%
Reste avec moi
50%
Reste branché
50%
Rêves de môme
50%
Roddy Ricch
50%
Rouler
50%
Sac à dos
50%
Sang-froid
50%
Santé
50%
Seul
50%
Smile
50%
Solitaire
50%
Solitude
50%
Sombre
50%
Sors de ma tête
50%
Sous la pleine lune
50%
Spécial
50%
Tapis de course
50%
Top boy
50%
Touché
50%
Tournée des bars
50%
Tout faux
50%
Tu m'as volé
50%
Tu vas prendre l'eau
50%
T'y arrivais pas
50%
Visionnaire
50%
Voie lactée
50%
Y'a pas match
50%
Y'a r
50%
5 étoiles
0%
Ailleurs
0%
Code pinAmbitions
0%
FAMOUSAnonymat
0%
Badass
0%
Badman
0%
Bête noir
0%
Black out
0%
Catégorie
0%
Combien de fois
0%
Dieu qui me guide
0%
En première page
0%
Entraînement
0%
Étranger
0%
Fallait le faire
0%
Fermer la porte
0%
#TMCPFierté
0%
Fin des temps
0%
Flemme
0%
Frappe
0%
Gang
0%
Haut-parleur
0%
Hola
0%
Interview
0%
J'arrive pas
0%
J'aurais pu
0%
J'suis une galère
0%
Juste une fois
0%
Kash
0%
Featuring#Kmnd
0%
La quali
0%
L'argent n'aime pas les gens
0%
La vida
0%
LDT
0%
Maladroit
0%
Mec en or
0%
Meilleur price
0%
Fall seasonMentor
0%
Miroir
0%
New life
0%
Oh yeah
0%
Paie
0%
Passionné
0%
Petit matin
0%
Peu importe
0%
Next album est dans mon phoneRemise en forme
0%
Sans prise de tête
0%
Sorry
0%
DémineurTerrain miné
0%
Têtu
0%
Timing
0%
Tous mes plans
0%
Trip
0%

Distribution des résultats

Percentile par nombre de réponses

% des personnes avec chaque résultat

Votre développement - résultats

Vous n’avez pas pris ce quiz